[Event "4NCL Division Four"]
[Site "Warwick, ENG"]
[Date "2023.04.30"]
[Round "10.23"]
[White "Ward, Andrew"]
[Black "Garcia-Ruiz Fuentes, Aitor"]
[Result "1/2-1/2"]
[WhiteElo "1838"]
[BlackElo "2078"]
[PlyCount "77"]
[EventDate "2023.04.30"]
[WhiteTeam "Coventry"]
[BlackTeam "Average Wood Pushers A"]

1. c4 Nf6 2. Nc3 g6 3. g3 Bg7 4. Bg2 O-O 5. e4 d6 6. Nge2 c5 7. O-O Nc6 8. d3
a6 9. h3 Rb8 10. a4 Ne8 11. Be3 Nc7 12. d4 cxd4 13. Nxd4 Ne6 14. Nde2 Bd7 15.
Qd2 Na5 16. Qd3 Rc8 17. b3 Nxb3 18. Rab1 Nec5 19. Qc2 Na5 20. Rb4 Qe8 21. Bd4
Bxd4 22. Nxd4 Nc6 23. Nxc6 Bxc6 24. a5 Qd8 25. Ra1 e5 26. Nd5 Ne6 27. Qb2 Nd4
28. Rxb7 Bxb7 29. Qxb7 Rxc4 30. Qxa6 Rc2 31. Qb7 Rc4 32. Qa6 Rc2 33. Qb7 Qa8
34. Qe7 Nb3 35. Ra3 Nxa5 36. Rxa5 Qxa5 37. Nf6+ Kg7 38. Nh5+ gxh5 39. Qg5+
1/2-1/2

[Event "4NCL Division Four"]
[Site "Warwick, ENG"]
[Date "2023.04.30"]
[Round "10.24"]
[White "Zhu, Yaoyao"]
[Black "Goodwin, Ed H"]
[Result "1-0"]
[WhiteElo "2075"]
[BlackElo "1817"]
[PlyCount "59"]
[EventDate "2023.04.30"]
[WhiteTeam "Average Wood Pushers A"]
[BlackTeam "Coventry"]

1. e4 c5 2. Nf3 g6 3. d4 cxd4 4. Nxd4 Bg7 5. c4 Nc6 6. Be3 Nf6 7. Nc3 d6 8. Be2
O-O 9. O-O Nxd4 10. Bxd4 b6 11. Qd2 Bb7 12. f3 Nd7 13. Bxg7 Kxg7 14. Rad1 Qc7
15. Rfe1 Qc5+ 16. Kh1 Rfe8 17. b3 Rac8 18. Na4 Qc7 19. Nc3 Qc5 20. Na4 Qc7 21.
Qd4+ Kg8 22. Qe3 Nc5 23. Nc3 Nd7 24. f4 Qc5 25. Qg3 Rcd8 26. Bd3 Qd4 27. Bc2
Qg7 28. Re3 Nf8 29. Qf2 Bc8 30. Rg3 {Scoresheet not readable. 54 moves.} 1-0

[Event "4NCL Division Four"]
[Site "Warwick, ENG"]
[Date "2023.04.30"]
[Round "10.25"]
[White "Manickam, Saravanna Bava"]
[Black "Kay, Lee P"]
[Result "0-1"]
[WhiteElo "1807"]
[BlackElo "2052"]
[PlyCount "78"]
[EventDate "2023.04.30"]
[WhiteTeam "Coventry"]
[BlackTeam "Average Wood Pushers A"]

1. d4 g6 2. Bf4 Bg7 3. Nc3 d6 4. e4 e5 5. dxe5 dxe5 6. Qxd8+ Kxd8 7. O-O-O+ Nd7
8. Be3 Bh6 9. Bxh6 Nxh6 10. Nf3 f6 11. Nd5 Ng4 12. Rd2 c6 13. Nc3 Kc7 14. h3
Nh6 15. Bc4 Nc5 16. Rhd1 b5 17. b4 Na6 18. Bb3 Nxb4 19. Rd6 Rf8 20. g4 Nxg4 21.
hxg4 Bxg4 22. R6d3 Nxd3+ 23. Rxd3 Rad8 24. Nh2 Rxd3 25. cxd3 Bh3 26. Kd2 h5 27.
Nf3 g5 28. Ke3 Kd6 29. Ne2 h4 30. Nh2 a5 31. a3 a4 32. Ba2 b4 33. axb4 Rb8 34.
Nc3 Rxb4 35. Bc4 a3 36. Nf3 Bg2 37. Nh2 Bh3 38. Nf3 Rb2 39. Nd1 a2 0-1

[Event "4NCL Division Four"]
[Site "Warwick, ENG"]
[Date "2023.04.30"]
[Round "10.26"]
[White "Hilton, Tim"]
[Black "Bozhgulova, Zaynabkhan"]
[Result "1-0"]
[WhiteElo "2012"]
[BlackElo "1343"]
[PlyCount "73"]
[EventDate "2023.04.30"]
[WhiteTeam "Average Wood Pushers A"]
[BlackTeam "Coventry"]

1. e4 Nf6 2. e5 Nd5 3. Qf3 e6 4. Nc3 Nxc3 5. dxc3 d6 6. Bf4 dxe5 7. Bxe5 c6 8.
Bd3 Nd7 9. Bg3 Qa5 10. Qe2 Be7 11. Nf3 Bf6 12. O-O O-O 13. Nd2 g6 14. Nc4 Qd8
15. Rad1 Bh4 16. Bd6 Be7 17. Be4 Bxd6 18. Rxd6 Qc7 19. Rfd1 Nf6 20. Bf3 Nd5 21.
Qe5 f6 22. Qg3 b5 23. Ne3 Rb8 24. h4 Kh8 25. h5 gxh5 26. Nxd5 cxd5 27. Bxh5 Bd7
28. Rd4 Rbc8 29. Rh4 Be8 30. Rxe6 Qd7 31. Qe3 Bxh5 32. Rxh5 Qf7 33. Rxd5 Rcd8
34. Rd4 Rfe8 35. Ree4 Rg8 36. b3 Rde8 37. g3 1-0

[Event "4NCL Division Four"]
[Site "Warwick, ENG"]
[Date "2023.04.30"]
[Round "10.31"]
[White "Wilson, Jaimie"]
[Black "Davis, Lee"]
[Result "1-0"]
[WhiteElo "2105"]
[BlackElo "2051"]
[PlyCount "69"]
[EventDate "2023.04.30"]
[WhiteTeam "Wessex Some Stars A"]
[BlackTeam "The Full Ponty"]

1. Nf3 g6 2. g3 Bg7 3. Bg2 Nf6 4. O-O O-O 5. d4 d6 6. b3 c5 7. e3 Nfd7 8. Bb2
Nc6 9. c4 Rb8 10. Qe2 a6 11. Nbd2 b6 12. Rab1 Bb7 13. d5 Na7 14. Bxg7 Kxg7 15.
e4 b5 16. e5 dxe5 17. Nxe5 Qc7 18. f4 Nf6 19. Ndf3 h6 20. Qc2 Nd7 21. Rbe1 Nxe5
22. fxe5 bxc4 23. bxc4 e6 24. dxe6 Bxf3 25. Rxf3 fxe6 26. Rf6 Rxf6 27. exf6+
Kxf6 28. Qc3+ e5 29. Qe3 g5 30. Bd5 Rf8 31. h4 Qe7 32. Rb1 Nc8 33. Rb7 Qe8 34.
Qf3+ Kg6 35. h5# 1-0

[Event "4NCL Division Four"]
[Site "Warwick, ENG"]
[Date "2023.04.30"]
[Round "10.32"]
[White "Fletcher, John"]
[Black "Pleasants, Allan J"]
[Result "1-0"]
[WhiteElo "2003"]
[BlackElo "1975"]
[PlyCount "95"]
[EventDate "2023.04.30"]
[WhiteTeam "The Full Ponty"]
[BlackTeam "Wessex Some Stars A"]

1. e4 g6 2. d4 Bg7 3. Nc3 d6 4. Be3 a6 5. Qd2 Nd7 6. h4 h6 7. Nge2 b5 8. Ng3
Nb6 9. Bd3 h5 10. a3 Nf6 11. f3 c6 12. O-O Qc7 13. Rae1 e5 14. dxe5 dxe5 15.
Qf2 Nbd7 16. Rd1 Bb7 17. Be2 O-O 18. Rd2 Rfe8 19. Rfd1 c5 20. a4 b4 21. Nd5
Nxd5 22. exd5 c4 23. d6 Qc6 24. Ne4 c3 25. bxc3 bxc3 26. Rd3 Qxa4 27. Rxc3 Rac8
28. Rc7 Bc6 29. Nc5 Nxc5 30. Bxc5 Red8 31. Rxc8 Rxc8 32. Bd3 Bf6 33. Be4 Bxe4
34. fxe4 Bd8 35. d7 Rb8 36. Qd2 Qc6 37. Ba3 Bxh4 38. Bd6 Re8 39. Bxe5 Qc5+ 40.
Bd4 Qc6 41. Ba1 Qb6+ 42. Kh1 Bf6 43. e5 Be7 44. Bc3 Rb8 45. Ba5 Qe6 46. d8=Q+
Bxd8 47. Bxd8 Qxe5 48. Re1 1-0

[Event "4NCL Division Four"]
[Site "Warwick, ENG"]
[Date "2023.04.30"]
[Round "10.33"]
[White "De Coverly, Roger D"]
[Black "Hughes, Anthony"]
[Result "1-0"]
[WhiteElo "1945"]
[BlackElo "1939"]
[PlyCount "153"]
[EventDate "2023.04.30"]
[WhiteTeam "Wessex Some Stars A"]
[BlackTeam "The Full Ponty"]

1. Nf3 d5 2. g3 c5 3. Bg2 Nf6 4. O-O e6 5. d3 Be7 6. Nbd2 O-O 7. e4 Nc6 8. Re1
dxe4 9. dxe4 e5 10. c3 Bg4 11. h3 Bh5 12. Qc2 Qc7 13. Nf1 Rfd8 14. Bg5 Ne8 15.
g4 Bxg5 16. Nxg5 Bg6 17. Ne3 Qe7 18. Nf3 Nc7 19. Nf5 Qe6 20. b3 b5 21. Rad1 f6
22. Bf1 a6 23. Rxd8+ Rxd8 24. Rd1 Be8 25. Rxd8 Nxd8 26. Qd2 Qd7 27. Qxd7 Bxd7
28. Ne7+ Kf7 29. Nd5 Nde6 30. Nd2 Bc6 31. Bg2 Ne8 32. Bf3 Nd6 33. Kh2 Nc8 34.
Kg3 Ne7 35. Nf1 Ng6 36. Nfe3 Nef4 37. Nc7 Bb7 38. Nf5 Bc6 39. Nxa6 Nd3 40. Bd1
Ngf4 41. a4 bxa4 42. bxa4 g6 43. Ne3 Bxe4 44. a5 Ke7 45. f3 Bb7 46. Nb8 Kd6 47.
a6 Kc7 48. a7 Kb6 49. Nd7+ Kxa7 50. Nxf6 h5 51. c4 Ba6 52. gxh5 gxh5 53. Ba4
Kb6 54. Be8 Ne2+ 55. Kh4 Nd4 56. Bxh5 Nf4 57. Bg4 Kc6 58. Kg3 Kd6 59. Ne4+ Kc6
60. h4 Nde2+ 61. Kf2 Nc1 62. h5 Ncd3+ 63. Kg3 Nb2 64. Nd2 Kd6 65. h6 Ng6 66.
Bf5 Nh8 67. Kg4 Ke7 68. Kg5 Kf7 69. Be4 Kg8 70. Kf6 Kf8 71. Bd5 Nd3 72. Ne4 Nf4
73. Nxc5 Nxd5+ 74. cxd5 Be2 75. d6 Nf7 76. d7 Bxf3 77. h7 1-0

[Event "4NCL Division Four"]
[Site "Warwick, ENG"]
[Date "2023.04.30"]
[Round "10.34"]
[White "Perrett, David C"]
[Black "Gregory, Keith D F"]
[Result "1/2-1/2"]
[WhiteElo "1944"]
[BlackElo "1950"]
[PlyCount "29"]
[EventDate "2023.04.30"]
[WhiteTeam "The Full Ponty"]
[BlackTeam "Wessex Some Stars A"]

1. d4 d6 2. c4 e5 3. dxe5 dxe5 4. Qxd8+ Kxd8 5. Nc3 Be6 6. b3 c6 7. Bb2 Nd7 8.
O-O-O Kc7 9. g3 f6 10. Bh3 Bxh3 11. Nxh3 Nh6 12. f3 Be7 13. e4 Nc5 14. Nf2 Nf7
15. Nd3 1/2-1/2

[Event "4NCL Division Four"]
[Site "Warwick, ENG"]
[Date "2023.04.30"]
[Round "10.35"]
[White "Marsh, Roger D W"]
[Black "Davies, Peter"]
[Result "1/2-1/2"]
[WhiteElo "1933"]
[BlackElo "1890"]
[PlyCount "52"]
[EventDate "2023.04.30"]
[WhiteTeam "Wessex Some Stars A"]
[BlackTeam "The Full Ponty"]

1. d4 Nf6 2. c4 e6 3. Nc3 Bb4 4. Bg5 c5 5. d5 d6 6. e3 h6 7. Bh4 Bxc3+ 8. bxc3
e5 9. f3 e4 10. Bxf6 Qxf6 11. fxe4 Qh4+ 12. Kd2 Qxe4 13. Qf3 Bf5 14. Qxe4+ Bxe4
15. Nf3 Nd7 16. Bd3 Nf6 17. Rhf1 Ke7 18. Bxe4 Nxe4+ 19. Kd3 Nf6 20. Rab1 Rab8
21. a4 g5 22. h3 Nd7 23. e4 f6 24. Rf2 b6 25. Ra2 a5 26. Rf1 h5 1/2-1/2

[Event "4NCL Division Four"]
[Site "Warwick, ENG"]
[Date "2023.04.30"]
[Round "10.36"]
[White "Dixon, Chris"]
[Black "Spanton, Tim R"]
[Result "0-1"]
[WhiteElo "1802"]
[BlackElo "1952"]
[PlyCount "62"]
[EventDate "2023.04.30"]
[WhiteTeam "The Full Ponty"]
[BlackTeam "Wessex Some Stars A"]

1. Nf3 Nc6 2. g3 e5 3. d3 d5 4. Bg2 Nf6 5. O-O Be7 6. a3 a5 7. e3 O-O 8. b3 Bg4
9. h3 Bh5 10. g4 Bg6 11. Nh4 Qd7 12. Nxg6 fxg6 13. Bb2 d4 14. e4 h5 15. f3 Nd8
16. Nd2 b6 17. a4 c6 18. Rf2 Ne6 19. Nf1 h4 20. Bc1 Nh7 21. Bd2 Qc7 22. Qe1 b5
23. Bc1 Bg5 24. Bxg5 Nhxg5 25. Nd2 Nf4 26. Qf1 Nfxh3+ 27. Bxh3 Nxh3+ 28. Kg2
Nxf2 29. Qxf2 Qd7 30. Rh1 g5 31. Kh3 Rf4 {Scoresheet illegible.} 0-1

[Event "4NCL Division Four"]
[Site "Warwick, ENG"]
[Date "2023.04.30"]
[Round "10.41"]
[White "Maton, Emily"]
[Black "Wilson, Ewan"]
[Result "0-1"]
[WhiteElo "1755"]
[BlackElo "2011"]
[PlyCount "102"]
[EventDate "2023.04.30"]
[WhiteTeam "She Plays To Win Lionesses"]
[BlackTeam "CSC/Kingston 2"]

1. c4 e5 2. g3 c6 3. d4 e4 4. d5 Bb4+ 5. Bd2 Qe7 6. Nc3 Nf6 7. e3 O-O 8. Nge2
d6 9. Bg2 cxd5 10. Nxd5 Nxd5 11. cxd5 Bxd2+ 12. Qxd2 Bf5 13. O-O Nd7 14. h3 Ne5
15. Nd4 Bg6 16. Rfc1 Nd3 17. Rc3 Rfc8 18. Bf1 Qg5 19. Bxd3 exd3 20. Nb5 Qh5 21.
h4 Rc5 22. Rac1 h6 23. Rxc5 dxc5 24. Rxc5 b6 25. Rc1 Qxd5 26. Nc3 Qd7 27. Rd1
b5 28. b4 Rd8 29. e4 a6 30. Qe3 f5 31. f3 fxe4 32. fxe4 d2 33. Ne2 Qg4 34. Rxd2
Rxd2 35. Qxd2 Qf3 36. Qe1 Bxe4 37. Nf4 g5 38. Qe2 gxf4 39. Qxf3 Bxf3 40. gxf4
Bd5 41. a3 Kf7 42. Kf2 Ke6 43. Ke3 Kf5 44. Kd4 Bb3 45. Ke3 Bc2 46. Kf3 Bd1+ 47.
Ke3 Kg4 48. Ke4 Kxh4 49. f5 Kg5 50. Ke5 h5 51. f6 Bb3 0-1

[Event "4NCL Division Four"]
[Site "Warwick, ENG"]
[Date "2023.04.30"]
[Round "10.42"]
[White "Amato, Giampiero"]
[Black "Latypova, Olga L"]
[Result "1-0"]
[WhiteElo "1958"]
[BlackElo "1757"]
[PlyCount "63"]
[EventDate "2023.04.30"]
[WhiteTeam "CSC/Kingston 2"]
[BlackTeam "She Plays To Win Lionesses"]

1. c4 Nf6 2. g3 g6 3. Bg2 d5 4. cxd5 Nxd5 5. Nc3 Nb6 6. Nf3 Bg7 7. d3 O-O 8. h4
h5 9. Bg5 Nc6 10. Qd2 Kh7 11. O-O Bd7 12. Rab1 Qc8 13. b4 e5 14. b5 Nd4 15. a4
Bh3 16. a5 Nxf3+ 17. exf3 Bxg2 18. Kxg2 Nd7 19. Rfc1 f6 20. Be3 c6 21. Nd5 Nb8
22. b6 Na6 23. bxa7 Qd8 24. Nb6 Rxa7 25. Nd7 Qxd7 26. Bxa7 Rd8 27. Rb3 Bf8 28.
Rcb1 Bb4 29. Rxb4 Nxb4 30. Qxb4 Qg7 31. Qxb7 Rd7 32. a6 1-0

[Event "4NCL Division Four"]
[Site "Warwick, ENG"]
[Date "2023.04.30"]
[Round "10.43"]
[White "Rida, Ruqayyah"]
[Black "Vachtfeidl, Petr"]
[Result "0-1"]
[WhiteElo "1786"]
[BlackElo "1887"]
[PlyCount "82"]
[EventDate "2023.04.30"]
[WhiteTeam "She Plays To Win Lionesses"]
[BlackTeam "CSC/Kingston 2"]

1. e4 e5 2. Nf3 Nc6 3. Bc4 Nf6 4. d3 Be7 5. O-O O-O 6. Re1 d6 7. a3 Na5 8. Ba2
c5 9. Bg5 Be6 10. Nc3 Rc8 11. Bxf6 Bxf6 12. Bd5 a6 13. a4 Rb8 14. Qb1 Nc6 15.
Nd2 Nb4 16. Nc4 b5 17. axb5 axb5 18. Ne3 Bg5 19. Qd1 Bxe3 20. Rxe3 Bxd5 21.
exd5 Qb6 22. h3 Ra8 23. Rxa8 Rxa8 24. Rg3 g6 25. Qd2 Kg7 26. h4 Qb7 27. Qe2
Ra1+ 28. Kh2 Rc1 29. h5 Rxc2 30. Qf3 Qe7 31. hxg6 hxg6 32. Rh3 f5 33. Nxb5 Rxb2
34. Na3 Rb3 35. Nc4 Rxd3 36. Qe2 Rxh3+ 37. gxh3 Nxd5 38. Qd2 Nf4 39. Nxd6 Qg5
40. f3 Qh5 41. Ne8+ Kh6 0-1

[Event "4NCL Division Four"]
[Site "Warwick, ENG"]
[Date "2023.04.30"]
[Round "10.44"]
[White "Eckert, Jonathan"]
[Black "Chan, Michelle (Ngo Yu)"]
[Result "0-1"]
[WhiteElo "1687"]
[BlackElo "1586"]
[PlyCount "96"]
[EventDate "2023.04.30"]
[WhiteTeam "CSC/Kingston 2"]
[BlackTeam "She Plays To Win Lionesses"]

1. e4 e5 2. Nc3 Nf6 3. Bc4 Nc6 4. f4 Nxe4 5. Bxf7+ Kxf7 6. Nxe4 exf4 7. Nf3 d5
8. Nc3 Qe8+ 9. Qe2 Qxe2+ 10. Nxe2 Bd6 11. d3 Re8 12. Kd1 Bg4 13. Rf1 Bxf3 14.
Rxf3 g5 15. h4 Rxe2 16. Kxe2 Nd4+ 17. Kf2 Nxf3 18. Kxf3 h6 19. hxg5 hxg5 20.
Bd2 Rh8 21. Re1 Rh5 22. Rf1 Kg6 23. Bc3 g4+ 24. Kf2 Kg5 25. Re1 Kf5 26. Re8
Bc5+ 27. d4 Bd6 28. Be1 Rh2 29. Kg1 f3 30. gxf3 gxf3 31. Bf2 Rg2+ 32. Kf1 Rg6
33. Rh8 Bg3 34. Rh5+ Ke4 35. c3 Bxf2 36. Re5+ Kf4 37. Kxf2 Rg2+ 38. Kf1 c6 39.
b4 Rxa2 40. Re7 Rc2 41. Rxb7 Rxc3 42. Rxa7 Rc4 43. Kf2 Rc2+ 44. Kf1 Ke3 45.
Ra3+ Kxd4 46. Rxf3 Kc4 47. Rf4+ Kb3 48. Ke1 Rc4 0-1

[Event "4NCL Division Four"]
[Site "Warwick, ENG"]
[Date "2023.04.30"]
[Round "10.45"]
[White "Acharya, Kandara"]
[Black "Moss, Stephen"]
[Result "1/2-1/2"]
[WhiteElo "1558"]
[BlackElo "1669"]
[PlyCount "74"]
[EventDate "2023.04.30"]
[WhiteTeam "She Plays To Win Lionesses"]
[BlackTeam "CSC/Kingston 2"]

1. c4 b6 2. Nf3 Bb7 3. g3 c5 4. Bg2 Nf6 5. O-O e6 6. Nc3 d5 7. cxd5 exd5 8. d4
Be7 9. Bf4 Bd6 10. dxc5 Bxf4 11. Qa4+ Bc6 12. Qxf4 bxc5 13. Ne5 O-O 14. Rad1
Qb6 15. Nxc6 Nxc6 16. Nxd5 Nxd5 17. Bxd5 Rac8 18. Bxc6 Rxc6 19. b3 Rd8 20. Rd2
Rxd2 21. Qxd2 Rd6 22. Qe3 Re6 23. Qf3 Qd8 24. Rc1 Re5 25. Kg2 g6 26. Qb7 Rxe2
27. Qxa7 Rxf2+ 28. Kxf2 Qd2+ 29. Kf3 Qxc1 30. Qb8+ Kg7 31. a4 Qf1+ 32. Ke4 Qg2+
33. Kd3 Qf1+ 34. Kd2 Qf2+ 35. Kd3 Qd4+ 36. Kc2 Qf2+ 37. Kd3 Qd4+ 1/2-1/2

[Event "4NCL Division Four"]
[Site "Warwick, ENG"]
[Date "2023.04.30"]
[Round "10.46"]
[White "Denning, Julie L"]
[Black "Jayawarna, Thisumi"]
[Result "1/2-1/2"]
[WhiteElo "1617"]
[BlackElo "1500"]
[PlyCount "49"]
[EventDate "2023.04.30"]
[WhiteTeam "CSC/Kingston 2"]
[BlackTeam "She Plays To Win Lionesses"]

1. b3 d5 2. Bb2 Nf6 3. e3 Bf5 4. Ne2 e6 5. Ng3 Bg6 6. d3 h6 7. Be2 Be7 8. O-O
O-O 9. Nd2 c6 10. c4 Nbd7 11. cxd5 Nxd5 12. Nh5 N7f6 13. e4 Bxh5 14. exd5 Bxe2
15. Qxe2 Nxd5 16. Qg4 Bf6 17. d4 Qc7 18. Nf3 Qf4 19. Qh3 Rfd8 20. Bc1 Qc7 21.
Qg4 Kh8 22. Qh5 Kg8 23. Qg4 Kh8 24. Qh5 Kg8 25. Qg5 1/2-1/2

[Event "4NCL Division Four"]
[Site "Warwick, ENG"]
[Date "2023.04.30"]
[Round "10.51"]
[White "Franco, Gaston"]
[Black "Kothari, Jai"]
[Result "1/2-1/2"]
[WhiteElo "2108"]
[BlackElo "1982"]
[PlyCount "74"]
[EventDate "2023.04.30"]
[WhiteTeam "Celtic Tigers 2"]
[BlackTeam "Guildford Young Guns"]

1. e4 e5 2. Nf3 Nc6 3. Bb5 a6 4. Ba4 d6 5. O-O Bg4 6. c3 Qf6 7. d3 Nge7 8. Nbd2
Ng6 9. h3 h5 10. Bxc6+ bxc6 11. Qa4 Bd7 12. Ne1 Nf4 13. Nc4 g5 14. Bxf4 exf4
15. f3 g4 16. hxg4 hxg4 17. Kf2 g3+ 18. Ke2 Rb8 19. Qc2 Rb5 20. Nd2 Rbh5 21.
Qb3 Rb5 22. Qc2 Rh2 23. Rg1 Qh4 24. d4 Bh3 25. Nf1 Be7 26. b3 Be6 27. Nd3 Rh1
28. Nd2 Qh2 29. Qd1 Rxg1 30. Qxg1 Qh4 31. Qh1 Rh5 32. Qxh4 Rxh4 33. Nb4 Rh2 34.
Rg1 c5 35. Nd3 cxd4 36. cxd4 Bf6 37. e5 dxe5 1/2-1/2

[Event "4NCL Division Four"]
[Site "Warwick, ENG"]
[Date "2023.04.30"]
[Round "10.52"]
[White "Sachdeva, Ronit"]
[Black "Pedersen, Carsten"]
[Result "1/2-1/2"]
[WhiteElo "1890"]
[BlackElo "2101"]
[PlyCount "42"]
[EventDate "2023.04.30"]
[WhiteTeam "Guildford Young Guns"]
[BlackTeam "Celtic Tigers 2"]

1. d4 Nf6 2. c4 Nc6 3. Nf3 e6 4. e3 Bb4+ 5. Bd2 a5 6. a3 Bxd2+ 7. Qxd2 d6 8.
Nc3 O-O 9. Be2 Re8 10. O-O b6 11. Rfe1 Bb7 12. Qc2 Qd7 13. Nd2 h6 14. Bf3 Nd8
15. Rad1 Bxf3 16. Nxf3 Qc6 17. Qa4 Qxa4 18. Nxa4 Ne4 19. Nd2 Nxd2 20. Rxd2 Nc6
21. b3 Kf8 1/2-1/2

[Event "4NCL Division Four"]
[Site "Warwick, ENG"]
[Date "2023.04.30"]
[Round "10.53"]
[White "Maciol, Ryszard"]
[Black "Sefton, Adam"]
[Result "1-0"]
[WhiteElo "2153"]
[BlackElo "1785"]
[PlyCount "49"]
[EventDate "2023.04.30"]
[WhiteTeam "Celtic Tigers 2"]
[BlackTeam "Guildford Young Guns"]

1. d4 Nf6 2. c4 c5 3. d5 b5 4. cxb5 a6 5. e3 axb5 6. Bxb5 Qa5+ 7. Nc3 Bb7 8.
Bd2 Qb6 9. Qb3 e6 10. Bc4 Qxb3 11. Bxb3 exd5 12. Nge2 Na6 13. O-O Bd6 14. Ng3
g6 15. Rfd1 Nc7 16. e4 Bxg3 17. hxg3 d4 18. Bg5 Nh5 19. Nd5 Ne6 20. Bh6 Bxd5
21. exd5 Nf8 22. g4 Rg8 23. gxh5 gxh5 24. Re1+ Kd8 25. Bxf8 1-0

[Event "4NCL Division Four"]
[Site "Warwick, ENG"]
[Date "2023.04.30"]
[Round "10.54"]
[White "Welling, Zac"]
[Black "Quinn, John M"]
[Result "0-1"]
[WhiteElo "1665"]
[BlackElo "2149"]
[PlyCount "120"]
[EventDate "2023.04.30"]
[WhiteTeam "Guildford Young Guns"]
[BlackTeam "Celtic Tigers 2"]

1. e4 c5 2. Nc3 Nc6 3. Bb5 Nd4 4. Bc4 e6 5. Nf3 a6 6. a4 Ne7 7. Nxd4 cxd4 8.
Ne2 d5 9. exd5 Nxd5 10. O-O Bc5 11. d3 O-O 12. Ng3 Nf6 13. Bg5 Be7 14. Qd2 b6
15. Rfe1 Bb7 16. Qe2 Bd5 17. Bxd5 Qxd5 18. Bxf6 Bxf6 19. Ne4 Be7 20. Ng3 Rac8
21. Rac1 Rfd8 22. Qg4 Qg5 23. Qf3 Bb4 24. Red1 Rd5 25. Ne4 Qe7 26. Qe2 Bd6 27.
g3 f5 28. Nd2 Re5 29. Qf3 b5 30. axb5 axb5 31. Nb3 Rd5 32. Re1 Qd7 33. Qe2 e5
34. Qf3 Be7 35. h4 Bf6 36. Qg2 Rd6 37. Re2 Rdc6 38. f3 Ra6 39. Ra1 Rxa1+ 40.
Nxa1 h5 41. Nb3 Qd5 42. Qf2 Kf7 43. Kg2 Re8 44. Qe1 Ra8 45. Qb4 Be7 46. Qe1 Bf6
47. Qb4 Ra2 48. Nc1 Ra4 49. Qd2 Ra6 50. Qb4 g5 51. Rf2 gxh4 52. Qd2 Be7 53. Ne2
Rg6 54. c4 bxc4 55. dxc4 Qxc4 56. Qa5 Qe6 57. Qc7 hxg3 58. Rf1 h4 59. Rh1 Qd6
60. Qa7 Qa6 0-1

[Event "4NCL Division Four"]
[Site "Warwick, ENG"]
[Date "2023.04.30"]
[Round "10.55"]
[White "Stevenson, James"]
[Black "Twisk, Sebastian"]
[Result "1-0"]
[WhiteElo "1983"]
[BlackElo "1608"]
[PlyCount "67"]
[EventDate "2023.04.30"]
[WhiteTeam "Celtic Tigers 2"]
[BlackTeam "Guildford Young Guns"]

1. c4 e5 2. Nc3 Bb4 3. Nd5 Ba5 4. Qc2 c6 5. Nc3 Nf6 6. Nf3 Bxc3 7. Qxc3 e4 8.
Nd4 O-O 9. e3 Re8 10. Be2 d5 11. b3 Bg4 12. f3 exf3 13. gxf3 Bh5 14. Nf5 c5 15.
cxd5 Qxd5 16. e4 Qc6 17. Bb2 Nbd7 18. O-O-O Bg6 19. Ng3 Rac8 20. d3 b5 21. Kb1
Nb6 22. f4 h6 23. f5 b4 24. Qc1 Bh7 25. Nh5 Nbd7 26. Rhg1 Nxh5 27. Bxh5 Ne5 28.
Qf4 Qf6 29. Rg3 g5 30. h4 Bg6 31. hxg5 hxg5 32. Qxg5 Qxg5 33. Rxg5 f6 34. Rg3
1-0

[Event "4NCL Division Four"]
[Site "Warwick, ENG"]
[Date "2023.04.30"]
[Round "10.56"]
[White "Butcher, Nathaniel"]
[Black "Sturt, Charles A"]
[Result "0-1"]
[WhiteElo "1510"]
[BlackElo "1697"]
[PlyCount "124"]
[EventDate "2023.04.30"]
[WhiteTeam "Guildford Young Guns"]
[BlackTeam "Celtic Tigers 2"]

1. c4 c6 2. e4 d5 3. exd5 cxd5 4. d4 Nf6 5. Nc3 e6 6. Nf3 Nc6 7. Bg5 Be7 8. Qb3
O-O 9. Qc2 dxc4 10. Rd1 Nb4 11. Qb1 Nd3+ 12. Bxd3 cxd3 13. Qxd3 Nd5 14. Bxe7
Qxe7 15. Nxd5 exd5+ 16. Qe3 Re8 17. Qxe7 Rxe7+ 18. Kd2 Bg4 19. Rde1 Rxe1 20.
Rxe1 Bxf3 21. gxf3 Kf8 22. Rc1 Ke8 23. Rc7 Rb8 24. Rc5 Rd8 25. Rc7 Rd7 26. Rxd7
Kxd7 27. Ke3 Ke6 28. Kf4 Kf6 29. Kg4 h5+ 30. Kf4 g5+ 31. Kg3 Kf5 32. h3 h4+ 33.
Kg2 Kf4 34. a3 b5 35. b3 a5 36. b4 axb4 37. axb4 f6 38. Kf1 Kxf3 39. Ke1 Ke4
40. Ke2 Kxd4 41. Kf3 Kc3 42. Kg4 d4 43. f4 d3 44. fxg5 fxg5 45. Kxg5 d2 46.
Kxh4 d1=Q 47. Kg5 Kxb4 48. h4 Kc4 49. h5 Qxh5+ 50. Kxh5 b4 51. Kg5 b3 52. Kf5
b2 53. Ke5 b1=Q 54. Kd6 Qb5 55. Ke6 Qc5 56. Kf7 Qd6 57. Kg8 Qe6+ 58. Kh8 Qe7
59. Kg8 Kd4 60. Kh8 Ke5 61. Kg8 Kf6 62. Kh8 Qg7# 0-1

[Event "4NCL Division Four"]
[Site "Warwick, ENG"]
[Date "2023.04.30"]
[Round "10.61"]
[White "Nguyen, Anh"]
[Black "Wedge, David C"]
[Result "1-0"]
[WhiteElo "1901"]
[BlackElo "1887"]
[PlyCount "69"]
[EventDate "2023.04.30"]
[WhiteTeam "Sussex Martlets 3"]
[BlackTeam "Oxford 3"]

1. e4 g6 2. Nc3 Bg7 3. Bc4 d6 4. h4 Nf6 5. h5 gxh5 6. d4 Nc6 7. Bg5 Bg4 8. f3 Bd7 9. Nge2 h6 10. Be3 a6 11. a4 e5 12. d5 Na5 13. Ba2 b5 14. b4 Nb7 15. axb5 axb5 16. Qd3 Qb8 17. Nxb5 Nc5 18. Nxd6+ cxd6 19. bxc5 Qb2 20. Kf2 Bb5 21. Qb3 Qxb3 22. Bxb3 Rxa1 23. Rxa1 O-O 24. cxd6 Bxe2 25. Kxe2 Rd8 26. Ra6 Bf8 27. c4 Rb8 28. Bc2 Ne8 29. d7 Nd6 30. Kd3 Kg7 31. c5 Nb5 32. Bxh6+ Kg8 33. Bxf8 Kxf8 34. Rc6 Na7 35. Rc7 1-0

[Event "4NCL Division Four"]
[Site "Warwick, ENG"]
[Date "2023.04.30"]
[Round "10.62"]
[White "Hariharan, Shambavi"]
[Black "Airlie, Arran"]
[Result "1/2-1/2"]
[WhiteElo "1811"]
[BlackElo "1792"]
[PlyCount "48"]
[EventDate "2023.04.30"]
[WhiteTeam "Oxford 3"]
[BlackTeam "Sussex Martlets 3"]

1. d4 Nf6 2. c4 e6 3. g3 d5 4. Nf3 dxc4 5. Bg2 c6 6. Ne5 Be7 7. O-O O-O 8. Nc3
a6 9. Nxc4 b5 10. Ne5 Qb6 11. a3 Ra7 12. Be3 Nd5 13. Nxd5 cxd5 14. b4 a5 15.
bxa5 Rxa5 16. Qb3 Nc6 17. Nxc6 Qxc6 18. Bd2 Ra4 19. e3 Qa6 20. Rfb1 b4 21. Bf1
Qa7 22. Bxb4 Bxb4 23. Bb5 Rxa3 24. Rxa3 Qxa3 1/2-1/2

[Event "4NCL Division Four"]
[Site "Warwick, ENG"]
[Date "2023.04.30"]
[Round "10.63"]
[White "Blades, Kit"]
[Black "Liu, Justin"]
[Result "0-1"]
[WhiteElo "1762"]
[BlackElo "1857"]
[PlyCount "58"]
[EventDate "2023.04.30"]
[WhiteTeam "Sussex Martlets 3"]
[BlackTeam "Oxford 3"]

{[%evp 0,58,19,31,34,19,13,14,21,41,8,8,9,-7,6,6,17,16,25,-5,28,-23,-25,-35,-21,-30,-15,-10,-5,7,-10,2,3,-10,-3,-27,36,43,42,33,85,53,44,-170,-183,-160,-180,-287,-318,-302,-213,-407,-392,-483,-436,-430,-323,-1269,-243,-29999,-30000]} 1. e4 e5 2. Nf3 Nc6 3. d4 exd4 4. Nxd4 Nf6 5. Nc3 Bb4 6. Nxc6 bxc6 7. Bd3 O-O 8. O-O d5 9. exd5 Bg4 10. Be2 Bxe2 11. Qxe2 cxd5 12. Bg5 c6 13. Qf3 Be7 14. Rfe1 h6 15. Be3 Re8 16. Rad1 a5 17. Ne2 Rc8 18. Ng3 Bf8 19. Bd4 Ne4 20. Nxe4 dxe4 21. Rxe4 Rxe4 22. Qxe4 c5 23. Qg4 cxd4 24. Rxd4 Qf6 25. g3 Rxc2 26. Rf4 Rc1+ 27. Kg2 Qc6+ 28. Rf3 Qc4 29. Qf5 Qf1# 0-1

[Event "4NCL Division Four"]
[Site "Warwick, ENG"]
[Date "2023.04.30"]
[Round "10.64"]
[White "Terry, Sean"]
[Black "Finn, Elizabeth"]
[Result "0-1"]
[WhiteElo "1875"]
[BlackElo "1726"]
[PlyCount "82"]
[EventDate "2023.04.30"]
[WhiteTeam "Oxford 3"]
[BlackTeam "Sussex Martlets 3"]

1. d4 d5 2. Nf3 Nf6 3. Bf4 e6 4. e3 c5 5. c3 Nc6 6. Be2 Be7 7. O-O O-O 8. Ne5 Nxe5 9. dxe5 Nd7 10. Bg3 f6 11. f4 fxe5 12. fxe5 Qb6 13. Qd2 c4 14. Na3 Bg5 15. Rxf8+ Nxf8 16. Kf2 Nd7 17. Rb1 Nc5 18. Qd4 Ne4+ 19. Kf3 Qxd4 20. exd4 Nd2+ 21. Kg4 Nxb1 22. Kxg5 Nxa3 23. bxa3 Bd7 24. Kf4 Ba4 25. Bh4 Kf7 26. Bh5+ g6 27. Bf3 h6 28. Bf6 Bc2 29. Ke3 Bb1 30. Kd2 Bxa2 31. Bh4 Bb3 32. Kc1 a5 33. Kb2 Ra6 34. Bd8 b5 35. Bh4 b4 36. Be1 bxa3+ 37. Kxa3 Rb6 38. Bd2 h5 39. g3 Bc2 40. Be2 Rb1 41. h4 Bb3 0-1